01796cab a2200337Ia 4500001000800000003000600008008004100014040000800055041001300063043000900076090002300085100002300108240008600131245011900217246012600336300001200462504002500474520069000499546002301189650003901212650004101251650002801292650001001320700001901330700002001349700001901369856003501388596000601423942001201429999001701441u198406SIRSI120227s2005 ua ss b eng d aEAL aengbara af-ua aART EJAR V83 No1 81 aKhalafalla, E.M.E.10aEgyptian journal of agricultural research, 2005 v. 83 (1)h[electronic resource].10aParasitism of nezara viridula l. eggs under field conditions at Kafr El-Sheikh Governorateh[electronic resource].15aالتطفل على بيض البقة الخضراء تحت الظروف الحقلية لمحافظة كفر الشيخ. ap.87-94 aIncludes references. aThe egg parasitoids of Nezara viridula L are of the most important factors which keep the insect well under control . Therefore, the rate of parasitism of N. viridula eggs was determined under field conditions of Kafr EI-sheikh governorate from early April to the end of October during three successive years , 1999,2000 and 2001. The obtained results showed that the parasitism started with low rate during April. The high rate of parasitism and the parasitoid emergence were recorded during June, July and August for the three years and this was synchronized with the increase of temperature. The parasitoids failed to emerge from the parasitized eggs at the low rate of parasitism . aSummary in Arabic. 0aNezara viridulaxParasiteszEgypt. 0aNezara viridulaxBiological control. 0aGreen stink-bugzEgypt. 0aEggs.1 aEl-Sufty, R.E.1 aEl-Hawary, I.S.1 aKhatiab, M. A.40auhttp://nile.enal.sci.eg/EALE/ a1 cAR2lcc c51261d51261